京都府の駅名一覧 - Statistics

General Stats
  • This quiz has been taken 121 times
    114 since last reset
  • The average score is 124 of 249
Answer Stats
Hint Answer % Correct
JR京都線 A-31湖西線 B-31 | 京都市営地下鉄 烏丸線 K11 | 奈良線 D-01 | +2 others 京都
96%
京都市営地下鉄 東西線 T07 | 琵琶湖線 A-30湖西線 B-30 山科
94%
京阪電鉄 宇治線 KH-77 | 奈良線 D-09 宇治
90%
京都市営地下鉄 東西線 T15 | 嵯峨野線 E-04 二条
89%
阪急電鉄 京都本線 HK-81
86%
阪急電鉄 京都本線 HK-85 烏丸
86%
京福電鉄 嵐山本線 A13 | 阪急電鉄 嵐山線 HK-98 嵐山
86%
JR京都線 A-35 長岡京
85%
京都丹後鉄道 宮福線 F1 | 山陰本線福知山線 福知山
83%
京阪電鉄 京阪本線 KH-40 三条
83%
JR京都線 A-36 山崎
82%
大和路線 Q-38 | 奈良線 D-19 木津
82%
JR京都線 A-33 桂川
80%
JR京都線 A-32 西大路
80%
嵯峨野線 E-11 亀岡
80%
京都市営地下鉄 烏丸線 K15 | 近畿日本鉄道 京都線 B-05 竹田
80%
JR京都線 A-34 向日町
79%
京都市営地下鉄 東西線 T01 | 京阪電鉄 宇治線 KH-73 | 奈良線 D-06 六地蔵
79%
京都市営地下鉄 烏丸線 K13 | 近畿日本鉄道 京都線 B-03 十条
79%
嵯峨野線 E-07 太秦
77%
京阪電鉄 鴨東線 KH-42 | 叡山電鉄 叡山本線 E-01 出町柳
77%
京都市営地下鉄 烏丸線 K09 四条
77%
京都丹後鉄道 宮舞線 M8 | 舞鶴線 西舞鶴
76%
近畿日本鉄道 京都線 B-06 伏見
76%
舞鶴線 東舞鶴
75%
阪急電鉄 京都本線 HK-86 京都河原町
75%
京阪電鉄 京阪本線 KH-37 七条
75%
嵯峨野線 E-02 梅小路京都西
73%
嵯峨野線 E-08 嵯峨嵐山
73%
京阪電鉄 京阪本線 KH-30 丹波橋
73%
京都丹後鉄道 宮福線 14京都丹後鉄道 宮豊線 14 京都丹後鉄道 宮舞線 14 宮津
73%
京都市営地下鉄 東西線 T13 | 京都市営地下鉄 烏丸線 K08 烏丸御池
73%
嵯峨野線 E-16 園部
72%
京都市営地下鉄 烏丸線 K01 国際会館
72%
京都市営地下鉄 烏丸線 K10 五条
72%
京阪電鉄 京阪本線 KH-36 | 奈良線 D-02 東福寺
70%
奈良線 D-11 新田
69%
嵯峨野線 E-05 円町
69%
嵯峨野線 E-09 保津峡
69%
山陰本線 | 舞鶴線 綾部
69%
阪急電鉄 京都本線 HK-75 大山崎
69%
阪急電鉄 京都本線 HK-77 長岡天神
69%
京福電鉄 嵐山本線 A2 | 阪急電鉄 京都本線 HK-83 西院
69%
京阪電鉄 京阪本線 KH-28 中書島
69%
京都市営地下鉄 烏丸線 K12 九条
69%
京都市営地下鉄 東西線 T17 太秦天神川
69%
京阪電鉄 京阪本線 KH-39 祇園四条
68%
奈良線 D-12 城陽
66%
嵯峨野線 E-03 丹波口
66%
阪急電鉄 京都本線 HK-84 大宮
66%
近畿日本鉄道 京都線 B-02 東寺
66%
近畿日本鉄道 京都線 B-07 近鉄丹波橋
66%
奈良線 D-05 桃山
65%
嵯峨野線 E-06 花園
63%
京都市営地下鉄 東西線 T08 | 京阪電鉄 京津線 T-08 御陵
63%
叡山電鉄 鞍馬線 E-17 鞍馬
63%
近畿日本鉄道 京都線 B-16 新田辺
63%
京都市営地下鉄 東西線 T11 三条京阪
63%
京都市営地下鉄 東西線 T12 京都市役所前
63%
嵯峨野観光鉄道 トロッコ亀岡
63%
阪急電鉄 京都本線 HK-78 西向日
62%
阪急電鉄 京都本線 HK-79 東向日
62%
京阪電鉄 京阪本線 KH-34 伏見稲荷
62%
京阪電鉄 京阪本線 KH-38 清水五条
62%
京阪電鉄 京津線 OT-31 京阪山科
62%
京都市営地下鉄 烏丸線 K14 くいな橋
62%
京阪電鉄 鴨東線 KH-41 神宮丸太町
61%
京都丹後鉄道 宮豊線 T15 天橋立
61%
京都市営地下鉄 東西線 T10 東山
61%
京都市営地下鉄 東西線 T14 二条城前
61%
奈良線 D-04 JR藤森
61%
京都市営地下鉄 烏丸線 K07 丸太町
59%
奈良線 D-03 稲荷
58%
京阪電鉄 宇治線 KH-75 | 奈良線 D-08 黄檗
58%
京阪電鉄 京阪本線 KH-26 石清水八幡宮
58%
京阪電鉄 京阪本線 KH-27
58%
近畿日本鉄道 京都線 B-21 新祝園
58%
嵯峨野観光鉄道 トロッコ嵐山
58%
嵯峨野観光鉄道 トロッコ保津峡
58%
阪急電鉄 嵐山線 HK-97 松尾大社
56%
京阪電鉄 京阪本線 KH-35 鳥羽街道
56%
嵯峨野線 E-10 馬堀
55%
学研都市線 H-23 同志社前
55%
学研都市線 H-24 京田辺
55%
学研都市線 H-26 松井山手
55%
大和路線 Q-39関西本線 加茂
55%
阪急電鉄 京都本線 HK-82 西京極
55%
京阪電鉄 京阪本線 KH-32 藤森
55%
近畿日本鉄道 京都線 B-08 桃山御陵前
55%
京都市営地下鉄 烏丸線 K06 今出川
55%
嵯峨野観光鉄道 トロッコ嵯峨
55%
学研都市線 H-20 祝園
54%
京阪電鉄 京阪本線 KH-29 伏見桃山
54%
京福電鉄 北野線 B9 北野白梅町
54%
京都市営地下鉄 烏丸線 K03 北山
54%
京都市営地下鉄 烏丸線 K04 北大路
54%
近畿日本鉄道 京都線 B-12 大久保
52%
京都市営地下鉄 烏丸線 K05 鞍馬口
52%
京都市営地下鉄 東西線 T09 蹴上
52%
京阪電鉄 京阪本線 KH-33 龍谷大前深草
51%
近畿日本鉄道 京都線 B-10 小倉
51%
阪急電鉄 京都本線 HK-76 西山天王山
49%
阪急電鉄 京都本線 HK-80 洛西口
49%
京都市営地下鉄 烏丸線 K02 松ヶ崎
49%
京都市営地下鉄 東西線 T04 小野
49%
山陰本線 鍼灸大学前
48%
京都市営地下鉄 東西線 T05 椥辻
48%
山陰本線 胡麻
46%
阪急電鉄 嵐山線 HK-96 上桂
46%
京阪電鉄 京阪本線 KH-25 橋本
46%
近畿日本鉄道 京都線 B-19 近鉄宮津
46%
京都市営地下鉄 東西線 T03 醍醐
46%
京福電鉄 嵐山本線 A1 四条大宮
45%
京阪電鉄 宇治線 KH-74 | 奈良線 D-07 木幡
44%
奈良線 D-15 山城多賀
44%
山陰本線 下夜久野
44%
山陰本線 上夜久野
44%
叡山電鉄 叡山本線 E-02 元田中
44%
奈良線 D-10 JR小倉
44%
嵯峨野線 E-14 八木
42%
山陰本線 日吉
42%
京阪電鉄 宇治線 KH-71 観月橋
42%
京阪電鉄 宇治線 KH-76 三室戸
42%
京阪電鉄 京津線 OT-32 四宮
42%
叡山電鉄 鞍馬線 E-16 貴船口
42%
近畿日本鉄道 京都線 B-04 上鳥羽口
42%
京福電鉄 嵐山本線 A8 帷子ノ辻
42%
京都市営地下鉄 東西線 T16 西大路御池
42%
奈良線 D-16 玉水
41%
京阪電鉄 京阪本線 KH-31 墨染
41%
叡山電鉄 叡山本線 E-04 一乗寺
41%
叡山電鉄 叡山本線 E-08 八瀬比叡山口
41%
京都丹後鉄道 宮福線 F7 大江
41%
奈良線 D-14 山城青谷
39%
関西本線 笠置
39%
京福電鉄 北野線 B1 撮影所前
39%
嵯峨野線 E-13 千代川
38%
叡山電鉄 叡山本線 E-06 宝ヶ池
38%
近畿日本鉄道 京都線 B-09 向島
38%
京都市営地下鉄 東西線 T02 石田
38%
京都市営地下鉄 東西線 T06 東野
38%
近畿日本鉄道 京都線 B-18 三山木
37%
叡山電鉄 叡山本線 E-05 修学院
35%
近畿日本鉄道 京都線 B-22 木津川台
35%
京福電鉄 嵐山本線 A5 嵐電天神川
35%
京福電鉄 嵐山本線 A12 嵐電嵯峨
35%
学研都市線 H-22 JR三山木
35%
奈良線 D-18 上狛
34%
山陰本線 和知
34%
山陰本線 安栖里
34%
学研都市線 H-19 西木津
34%
叡山電鉄 叡山本線 E-03 茶山
34%
叡山電鉄 鞍馬線 E-10 岩倉
34%
叡山電鉄 鞍馬線 E-12 京都精華大前
34%
山陰本線 高津
32%
山陰本線 石原
32%
京阪電鉄 宇治線 KH-72 桃山南口
32%
嵯峨野線 E-12 並河
31%
関西本線 月ケ瀬口
31%
近畿日本鉄道 京都線 B-11 伊勢田
31%
近畿日本鉄道 京都線 B-14 寺田
31%
京福電鉄 嵐山本線 A3 西大路三条
31%
京福電鉄 嵐山本線 A10 車折神社
31%
京福電鉄 北野線 B7 龍安寺
31%
京都丹後鉄道 宮豊線 T24 久美浜
31%
嵯峨野線 E-15 吉富
30%
近畿日本鉄道 京都線 B-17 興戸
30%
京都丹後鉄道 宮豊線 T17 与謝野
30%
京都丹後鉄道 宮豊線 T20 網野
30%
京都丹後鉄道 宮豊線 T21 夕日ヶ浦木津温泉
30%
奈良線 D-17 棚倉
28%
山陰本線 船岡
28%
京福電鉄 北野線 B8 等持院・立命館大学衣笠キャンパス前
28%
学研都市線 H-21 下狛
27%
近畿日本鉄道 京都線 B-15 富野荘
27%
京都丹後鉄道 宮福線 F2 福知山市民病院口
27%
山陰本線 山家
25%
叡山電鉄 鞍馬線 E-14 市原
25%
近畿日本鉄道 京都線 B-23 山田川
25%
京福電鉄 嵐山本線 A4 山ノ内
25%
京都丹後鉄道 宮福線 F11 辛皮
25%
京都丹後鉄道 宮豊線 T18 京丹後大宮
25%
京都丹後鉄道 宮豊線 T19 峰山
25%
奈良線 D-13 長池
24%
学研都市線 H-25 大住
24%
叡山電鉄 鞍馬線 E-09 八幡前
24%
叡山電鉄 鞍馬線 E-13 二軒茶屋
24%
近畿日本鉄道 京都線 B-13 久津川
24%
京都丹後鉄道 宮舞線 M12 丹後由良
24%
山陰本線 下山
23%
関西本線 大河原
23%
叡山電鉄 鞍馬線 E-15 二ノ瀬
23%
近畿日本鉄道 京都線 B-20 狛田
23%
京福電鉄 嵐山本線 A7 太秦広隆寺
23%
京福電鉄 北野線 B5 御室仁和寺
23%
京都丹後鉄道 宮福線 F8 大江高校前
21%
山陰本線 上川口
20%
小浜線 松尾寺
20%
叡山電鉄 叡山本線 E-07 三宅八幡
20%
京福電鉄 嵐山本線 A9 有栖川
20%
京都丹後鉄道 宮福線 F3 荒河かしの木台
20%
山陰本線 立木
18%
舞鶴線 梅迫
18%
叡山電鉄 鞍馬線 E-11 木野
18%
京福電鉄 嵐山本線 A6 蚕ノ社
18%
京福電鉄 北野線 B2 常盤
18%
舞鶴線 淵垣
17%
舞鶴線 真倉
17%
京福電鉄 北野線 B4 宇多野
17%
京福電鉄 北野線 B6 妙心寺
17%
京都丹後鉄道 宮福線 F10 大江山口内宮
17%
京福電鉄 北野線 B3 鳴滝
15%
京都丹後鉄道 宮福線 F4
15%
京都丹後鉄道 宮豊線 T22 小天橋
15%
京都丹後鉄道 宮舞線 M11 丹後神崎
15%
京福電鉄 嵐山本線 A11 鹿王院
14%
京都丹後鉄道 宮豊線 T16 岩滝口
14%
京都丹後鉄道 宮豊線 T23 かぶと山
14%
京都丹後鉄道 宮舞線 M13 栗田
13%
京都丹後鉄道 宮福線 F12 喜多
11%
京都丹後鉄道 宮舞線 M10 東雲
11%
京都丹後鉄道 宮福線 F9 二俣
7%
京都丹後鉄道 宮舞線 M9 四所
7%
京都丹後鉄道 宮福線 F5 下天津
6%
京都丹後鉄道 宮福線 F13 宮村
6%
京都丹後鉄道 宮福線 F6 公庄
4%
No matching quizzes found
Score Distribution
Percent of People with Each Score
Percentile by Number Answered
Your Score History
You have not taken this quiz since the last reset